| 000 | 00555nam a2200205 a 4500 | ||
|---|---|---|---|
| 001 | 7563 | ||
| 005 | 20180713191446.0 | ||
| 008 | 140415s1992 mx 000 0 spa d | ||
| 041 | _aspa | ||
| 082 |
_a616.462 _bDOL |
||
| 100 | 1 | _aDOLGER, HENRY | |
| 245 | 1 | 0 | _aCOMO VIVIR CON LA DIABETES |
| 250 | _a1a ed. | ||
| 260 |
_aMEXICO : _bDIANA, _c1992 |
||
| 300 | _a237 | ||
| 650 | 1 | 4 |
_aDIABETES _xDIABETICOS _xPSICOTERAPIA |
| 700 | 1 |
_aD.L. VALVERDE, BERTHA _etr. |
|
| 740 | _a|HOW TO LIVE WITH DIABETES | ||
| 700 | 1 |
_aSEEMAN, BERNARD _ecoaut. |
|
| 999 |
_c7563 _d7563 |
||